| 000 | 00461nam a22001697a 4500 | ||
|---|---|---|---|
| 003 | OSt | ||
| 005 | 20140310182356.0 | ||
| 008 | 131001t xxu||||| |||| 00| 0 eng d | ||
| 020 | _a9781863667791 | ||
| 050 |
_aD 24 _b.B636 2005 |
||
| 082 |
_aTR 398.2 _bB58 2005 |
||
| 245 |
_aLets learn with legends / _cAndrea Blake. |
||
| 260 |
_aAustralia : _bCurriculum Corporation _c2005. |
||
| 300 |
_a72 p. : _bill. ; _c30 cm |
||
| 942 |
_2lcc _cBK-GS |
||
| 999 |
_c12496 _d12496 |
||